Trimmed Animal Names Quiz Stats

 Plays Quiz Updated Feb 20, 2016

Also try: Animal Name Game
Challenge
Share
Tweet
Embed
Score 0/50 Timer 05:00
3 Plays Today
Hint Animal % Correct
rocodilcrocodile
96.7%
alamandesalamander
96.7%
orcupinporcupine
96%
hameleochameleon
95.6%
oadrunneroadrunner
95.6%
olverinwolverine
95.4%
ntelopantelope
95.3%
angarokangaroo
95.2%
arantultarantula
94.8%
quirresquirrel
94.8%
hipmunchipmunk
94.7%
rangutaorangutan
93.8%
lamingflamingo
92.3%
lbatrosalbatross
92.1%
amstehamster
91.7%
ockatocockatoo
91.6%
eoparleopard
90.3%
hickechicken
89.2%
stricostrich
88.4%
abbirabbit
87.3%
guaniguana
87%
anthepanther
85.8%
eerkameerkat
85.7%
tingrastingray
85.2%
oyotcoyote
85.1%
Hint Animal % Correct
elicapelican
84.9%
arthworearthworm
84.3%
eavebeaver
75.7%
arroparrot
75%
oucatoucan
74.8%
ougacougar
73.8%
ophegopher
72.5%
emminlemming
72.2%
easeweasel
71.7%
memu
70.9%
urketurkey
70.7%
pape
70.4%
allabwallaby
69.4%
apybarcapybara
69.4%
ackajackal
68.1%
naksnake
68%
orshorse
67.9%
erreferret
66.1%
emulemur
63.2%
eckgecko
61.1%
amecamel
60%
rchiurchin
59.6%
rminermine
55.3%
greegret
55.1%
icadcicada
54.1%

You're not logged in!

Compare scores with friends on all Sporcle quizzes.
Join for Free
OR
Log In

You Might Also Like...

Show Comments

Extras

Top Quizzes Today


Score Distribution

Your Account Isn't Verified!

In order to create a playlist on Sporcle, you need to verify the email address you used during registration. Go to your Sporcle Settings to finish the process.

Report this User

Report this user for behavior that violates our Community Guidelines.

Details: